[Event "Krasnodar November-A"]
[Site "Krasnodar"]
[Date "2009.11.09"]
[Round "3"]
[White "Gerasimov, Artiom"]
[Black "Airapetian, Valentin"]
[Result "1-0"]
[WhiteElo "1768"]
[BlackElo "1934"]
[PlyCount "43"]
[EventDate "2009.11.07"]
[EventType "tourn"]
[EventRounds "9"]
[EventCountry "RUS"]
[SourceTitle "EXT 2012"]
[Source "ChessBase"]
[SourceDate "2011.11.24"]
[SourceVersion "1"]
[SourceVersionDate "2011.11.24"]
[SourceQuality "1"]

1. Nf3 e6 2. c4 d5 3. d4 c6 4. c5 Nf6 5. Nc3 b6 6. b4 bxc5 7. bxc5 Ba6 8. Qa4 Qc7 9. g3 Nh5 10. Rb1 Qc8 11. Ne5 Be7 12. Rxb8 Rxb8 13. Nxc6 Bb5 14. Nxe7 Kxe7 15. Nxb5 Qc6 16. e3 a6 17. Nc3 Qxa4 18. Nxa4 Rb1 19. Kd2 Rhb8 20. Nb6 Nf6 21. f3 a5 22. Kc2 1-0